000 00273nam a2200121 a 4500
008 101208s1972|||| d
100 1 _aŠimek, Jaroslav
245 1 0 _aFotografické postupy
260 _bPráce
_aPraha
_c1972
020 _c28
041 _aces
044 _aCZ
999 _c13929
_d13929